000 00889nam a2200253Ia 4500
003 OSt
005 20221005111011.0
006 a|||||r|||| 00| 0
007 ta
008 221004b |||||||| |||| 00| 0 hin d
020 _a9788183610445 (hbk)
_c175
024 _a97871
037 _b576, 23/03/2009, Vani Prakashan
_cTextual
040 _aCRL
_cCRL
_bhin
041 _2hin
_ahin
082 _aO152,6N46x, P6
100 _aपाण्डे, मृणाल
245 0 _aजहॉं औरतें गढ़ी जाती हैं
246 _aJahaॉan auratean gaढ़ī jātī haian
260 _aनई दिल्ली
_bराधाकृष्ण भारत
_c2006
300 _a147पृ0
_ccm.
942 _hO152,6N46x, P6
_cTEXL
_2cc
999 _c1020528
_d1020528